Computers in corrosion control : proceedings of the Corrosion/86 Symposium on Computers in Corrosion Control /

Guardado en:
Autores Corporativos: Corrosion/86 Symposium on Computers in Corrosion Control Houston, Tex.), National Association of Corrosion Engineers. Group Committee T-3 on Corrosion Science and Technology.
Formato: Libro
Idioma:English
Publicado: Houston, Tex. : National Association of Corrosion Engineers (NACE), c1986.
Materias:
Etiquetas: Agregar Etiqueta
Sin Etiquetas, Sea el primero en etiquetar este registro!
LEADER 01331cam a22002535a 4500
001 EIQ.libpla001108
008 860630s1986####txuao####b####101#0#eng#d
005 20060727160556.0
245 1 0 |a Computers in corrosion control :  |b proceedings of the Corrosion/86 Symposium on Computers in Corrosion Control /  |c sponsored by National Association of Corrosion Engineers, Group Committee T-3 on Corrosion Science and Technology. 
260 |a Houston, Tex. :  |b National Association of Corrosion Engineers (NACE),  |c c1986. 
300 |a 380 p. :  |b il., fotos ;  |c 28 cm. 
500 |a "Papers from the symposium held Mar. 17-18, 1986 in Houston, Tex". 
504 |a Incluye referencias bibliográficas e índices. 
020 |a 0915567245 (pbk.) 
111 2 |a Corrosion/86 Symposium on Computers in Corrosion Control  |d (1986 :  |c Houston, Tex.) 
710 2 |a National Association of Corrosion Engineers.  |b Group Committee T-3 on Corrosion Science and Technology. 
082 0 0 |a 620.1/1223/0285  |2 19 
650 4 |a Corrosión y anti-corrosivos  |x Congresos. 
650 4 |a Corrosión y anti-corrosivos  |x Procesamiento de datos. 
650 4 |a Corrosion and anti-corrosives  |x Congresses. 
650 4 |a Corrosion and anti-corrosives  |x Data processing. 
010 |a  86061980  
040 |a DLC  |c DLC  |d AR-BbSID 
859 |a AR-BbSID  |b BIB. PLAPIQUI  |h 620.112  |i C 667  |p 3594